Marketingové stratégie pre európsky trh diplomová práca

Uložené v:
Podrobná bibliografia
Hlavný autor: Gubóová, Silvia
Korporativný autor: Obchodná fakulta EU. Katedra marketingu
Ďalší autori: Čihovská, Viera
Médium: Kniha
Jazyk:Slovak
Vydavateľské údaje: Bratislava 2012
Tagy: Pridať tag
Žiadne tagy, Buďte prvý, kto otaguje tento záznam!

MARC

LEADER 00000nbm a2200000 4500
001 0158953
005 20161109102219.9
041 0 |a slo 
044 |a SK 
245 1 0 |a Marketingové stratégie pre európsky trh  |b diplomová práca  |c Silvia Gubóová ; školiteľ: Viera Čihovská 
264 1 |a Bratislava  |c 2012 
300 |a 74 s. 
100 1 |a Gubóová, Silvia 
700 1 |a Čihovská, Viera 
710 2 |a Obchodná fakulta EU. Katedra marketingu